MARC

LEADER 00000nam0a2200000 4500
001 296990
005 20231102000949.0
035 |a (RuTPU)RU\TPU\book\322110 
090 |a 296990 
100 |a 20150604d1984 k y0rusy50 ca 
101 0 |a rus 
102 |a RU 
105 |a a z 001zy 
200 1 |a Теория, системы и устройства передачи информации по каналам связи  |f Государственный научно-исследовательский институт радио (НИИР) ; отв. ред. С. В. Бородич 
210 |a Москва  |c Изд-во НИИР  |d 1984 
215 |a 140 с.  |c ил. 
225 1 |a Труды НИИР  |v № 1, 1984 
320 |a Библиография в конце статей 
606 1 |a Информация  |x Передача  |x Аппаратура  |2 stltpush  |3 (RuTPU)RU\TPU\subj\12986  |9 39676 
610 1 |a связь 
610 1 |a устройства 
610 1 |a каналы связи 
610 1 |a телевизионное вещание 
610 1 |a цифровые сигналы 
610 1 |a эффективность 
610 1 |a проводное вещание 
675 |a 621.391.3  |v 4 
702 1 |a Бородич  |b С. В.  |4 340 
712 0 2 |a Государственный научно-исследовательский институт радио (НИИР)  |2 stltpush  |3 (RuTPU)RU\TPU\col\7922 
801 1 |a RU  |b 63413507  |c 20150604 
801 2 |a RU  |b 63413507  |c 20180521  |g RCR 
942 |c BK